00986nam a22002057a 450000500170000000800410001702000180005804000070007604100080008308200200009110000210011124500250013225000130015726000270017030000300019736500660022752004290029365000370072270000210075920240314155306.0240314b ||||| |||| 00| 0 eng d a9789332585539 cAL aeng 223a338.9bTODE aMichael P Todaro aEconomic development a12th ed  aChennaibPearsonc2023 axxvii,860p.bPBc25x20cm. 2GeneralaVBI-2056b₹645.00c₹d₹860.00e25%f26-02-2024 aEconomic Development, - the leading textbook in this field - provides students with a complete and balanced introduction to the requisite theory, driving policy issues, and latest research. Todaro and Smith take a policy-oriented approach, presenting economic theory in the context of critical policy debates and country-specific case studies, to see how theory relates to the problems and prospects of developing countries. 2ProductionaEconomic Development aSmith, Stephen C